All 32 NFL Teams - Statistics

General Stats
  • This quiz has been taken 42 times
  • The average score is 28 of 32
Answer Stats
Hint Answer % Correct
AFC Kansas City Chiefs
100%
NFC Dallas Cowboys
97%
NFC Los Angeles Rams
97%
AFC Miami Dolphins
97%
AFC New York Jets
97%
NFC Arizona Cardinals
94%
NFC Chicago Bears
91%
AFC Houston Texans
91%
AFC New England Patriots
91%
NFC New York Giants
91%
NFC Philadelphia Eagles
91%
AFC Pittsburgh Steelers
91%
NFC Seattle Seahawks
91%
AFC Baltimore Ravens
89%
AFC Las Vegas Raiders
89%
AFC Los Angeles Chargers
89%
NFC San Francisco 49ers
89%
AFC Denver Broncos
86%
AFC Jacksonville Jaguars
86%
NFC New Orleans Saints
86%
AFC Tennessee Titans
86%
AFC Buffalo Bills
83%
NFC Carolina Panthers
83%
NFC Minnesota Vikings
83%
NFC Tampa Bay Buccaneers
83%
AFC Cincinnati Bengals
80%
AFC Cleveland Browns
80%
NFC Detroit Lions
80%
AFC Indianapolis Colts
80%
NFC Green Bay Packers
77%
NFC Washington Commanders
77%
NFC Atlanta Falcons
74%
No matching quizzes found
Score Distribution
Percent of People with Each Score
Percentile by Number Answered
Your Score History
You have not taken this quiz